Demystifying switching power supplies (Record no. 7912)
[ view plain ]
| 000 -LEADER | |
|---|---|
| fixed length control field | 01448 a2200229 4500 |
| 020 ## - INTERNATIONAL STANDARD BOOK NUMBER | |
| International Standard Book Number | 0750674458 |
| 040 ## - CATALOGING SOURCE | |
| Original cataloging agency | DLC |
| Language of cataloging | DLC |
| 082 ## - DEWEY DECIMAL CLASSIFICATION NUMBER | |
| Classification number | 621.317 |
| 100 1# - MAIN ENTRY--PERSONAL NAME | |
| Personal name | Mack, Raymond A. |
| 245 10 - TITLE STATEMENT | |
| Title | Demystifying switching power supplies |
| Statement of responsibility, etc. | Raymond Mack. |
| 246 3# - VARYING FORM OF TITLE | |
| Title proper/short title | Switching power supplies demystified |
| Medium | [electronic resource] |
| 260 ## - PUBLICATION, DISTRIBUTION, ETC. | |
| Place of publication, distribution, etc. | Amsterdam ; |
| -- | Boston : |
| Name of publisher, distributor, etc. | Elsevier, |
| Date of publication, distribution, etc. | c2005. |
| 300 ## - PHYSICAL DESCRIPTION | |
| Extent | 323 p. : |
| Other physical details | ill. ; |
| Dimensions | 24 cm. |
| 520 1# - SUMMARY, ETC. | |
| Summary, etc. | "This book is a "crash course" in the fundamental theory, concepts, and design of switching power supplies. It's intended to quickly prepare engineers to make key decisions about the appropriate power supplies for their projects - including the use of "off the shelf" supplies and supply modules - and give a solid foundation for original power supply design. Intended for readers who need to quickly understand the key points of switching power supplies, this book covers the core essentials of power supply theory and design while keeping mathematics to the absolute minimum necessary."--BK JACKET. |
| 538 ## - SYSTEM DETAILS NOTE | |
| System details note | Mode of access: World Wide Web. |
| 538 ## - SYSTEM DETAILS NOTE | |
| System details note | System requirements: Internet connectivity; World Wide Web browser. |
| 650 #0 - SUBJECT ADDED ENTRY--TOPICAL TERM | |
| Topical term or geographic name entry element | Switching circuits |
| General subdivision | Design and construction. |
| 650 #0 - SUBJECT ADDED ENTRY--TOPICAL TERM | |
| Topical term or geographic name entry element | Power semiconductors |
| General subdivision | Design and construction. |
| 650 #0 - SUBJECT ADDED ENTRY--TOPICAL TERM | |
| Topical term or geographic name entry element | Semiconductor switches |
| General subdivision | Design and construction. |
| 650 #0 - SUBJECT ADDED ENTRY--TOPICAL TERM | |
| Topical term or geographic name entry element | Switching power supplies |
| General subdivision | Design and construction. |
| 942 ## - ADDED ENTRY ELEMENTS (KOHA) | |
| Koha item type | Book |
| Call number prefix | 621.317 MAC |
| Source of classification or shelving scheme | |
| Withdrawn status | Lost status | Damaged status | Not for loan | Collection code | Permanent Location | Current Location | Shelving location | Date acquired | Source of acquisition | Cost, normal purchase price | Total Checkouts | Full call number | Barcode | Date last seen | Date last checked out | Price effective from | Koha item type |
|---|---|---|---|---|---|---|---|---|---|---|---|---|---|---|---|---|---|
| Central Library (CL) | Central Library (CL) | General Stacks | 11/28/2005 | A & J Def Tek Concultants | 3202.59 | 2 | 621.317 MAC | SEECS006710 | 03/02/2024 | 11/02/2023 | 01/05/2017 | Book | |||||
| Central Library (CL) | Central Library (CL) | General Stacks | 10/11/2005 | Allied Book Company | 3196.75 | 621.317 MAC | SEECS006537 | 11/14/2012 | 01/05/2017 | Book |
